Casebook on Insurance law

Bibliographic Details
Main Author: Ivamy, E. R. Hardy
Format: Book
Published: London : Butterworths , 1977
Subjects:

MARC

LEADER 00000cam a2200000 7i4500
001 0000009070
005 20160928.0
020 |a 040660262X 
040 |a INS 
090 0 0 |a KD140   |b I93 1977 
100 0 |a Ivamy, E. R. Hardy 
245 0 0 |a Casebook on Insurance law   |c by E. R. Hardy Ivamy 
260 |a London :   |b Butterworths ,   |c 1977 
300 |a 267p ;   |c 23cm. 
650 0 0 |a Insurance Law   |z Great Britain   |x Cases 
999 |a 0000023855   |b BOOK   |c Open Shelf   |e Default branch